<The> Political setting of the environmentalist movement in the Federal Republic of Germany

Uložené v:
Podrobná bibliografia
Hlavný autor: Fietkau, Hans-Joachim
Ďalší autori: Kessel, Hans
Médium: Kniha
Jazyk:English
Vydavateľské údaje: Berlin Internationales Institut für Umwelt und Gesellschaft 1982
Tagy: Pridať tag
Žiadne tagy, Buďte prvý, kto otaguje tento záznam!

MARC

LEADER 00000nam a2200000 4500
001 c114608
005 20190207163654.7
041 0 |a eng 
044 |a DE 
245 1 0 |a <The> Political setting of the environmentalist movement in the Federal Republic of Germany  |c Hans-Joachim Fietkau, Hans Kessel 
264 1 |a Berlin  |b Internationales Institut für Umwelt und Gesellschaft  |c 1982 
300 |a 7 s. 
100 1 |a Fietkau, Hans-Joachim 
700 1 |a Kessel, Hans